[Event "Piestany Slovakia op-A"]
[Site "Piestany"]
[Date "2025.07.13"]
[Round "6"]
[White "Stary, Simon"]
[Black "Salgovic, Simon"]
[Result "1-0"]
[WhiteElo "2038"]
[BlackElo "2138"]
[PlyCount "79"]
[EventDate "2025.07.08"]
[EventType "swiss"]
[EventRounds "9"]
[EventCountry "SVK"]
[SourceTitle "CB29_2025"]
[SourceDate "2025.07.16"]
[SourceVersion "1"]
[SourceVersionDate "2025.07.16"]
[SourceQuality "1"]

1. e4 c5 2. Nf3 Nc6 3. d4 cxd4 4. Nxd4 Nf6 5. Nc3 e5 6. Ndb5 d6 7. Bg5 a6 8. Na3 b5 9. Nab1 Be7 10. Bxf6 Bxf6 11. a4 b4 12. Nd5 0-0 13. Bc4 Bg5 14. 0-0 Be6 15. Qd3 a5 16. c3 Rb8 17. Rd1 Kh8 18. Bb5 Na7 19. cxb4 axb4 20. Nd2 Bxd2 21. Rxd2 Qa5 22. Bc4 Nc6 23. Ne3 Nd4 24. b3 Bxc4 25. Nxc4 Qc5 26. Rdd1 Rbc8 27. Rac1 f5 28. exf5 Rxf5 29. h3 Rff8 30. Qe3 Rfe8 31. Kh2 Nf5 32. Qxc5 Rxc5 33. g4 Nd4 34. Nxd6 Rxc1 35. Rxc1 Rf8 36. Kg2 h6 37. Rc4 Nxb3 38. Rxb4 Nc5 39. a5 Ra8 40. Rb5 1-0

[Event "Piestany Slovakia op-A"]
[Site "Piestany"]
[Date "2025.07.09"]
[Round "2"]
[White "Stary, Simon"]
[Black "Lang, Simon"]
[Result "1-0"]
[WhiteElo "2038"]
[BlackElo "2241"]
[PlyCount "55"]
[EventDate "2025.07.08"]
[EventType "swiss"]
[EventRounds "9"]
[EventCountry "SVK"]
[SourceTitle "CB29_2025"]
[SourceDate "2025.07.16"]
[SourceVersion "1"]
[SourceVersionDate "2025.07.16"]
[SourceQuality "1"]

1. e4 c5 2. Nf3 d6 3. d4 cxd4 4. Nxd4 Nf6 5. Nc3 a6 6. h3 e6 7. g4 d5 8. exd5 Nxd5 9. Nde2 h5 10. Nxd5 exd5 11. gxh5 Rxh5 12. Be3 Nc6 13. Qd2 Ne5 14. Nd4 Bf5 15. 0-0-0 Be4 16. Be2 Nc4 17. Bxc4 dxc4 18. Rhe1 Be7 19. f3 Bd5 20. Ne2 Bxf3 21. Qc3 Qa5 22. Qxg7 Rd5 23. Qg8+ Bf8 24. Bd2 Qc5 25. Ng1+ Kd7 26. Qxf7+ Kc6 27. Qxf3 Kb5 28. Ne2 1-0

[Event "Zlin Region-chT 2324"]
[Site "Czech Republic"]
[Date "2024.02.18"]
[Round "8.5"]
[White "Brousek, Jiri"]
[Black "Stary, Simon"]
[Result "1-0"]
[WhiteElo "1783"]
[BlackElo "1826"]
[PlyCount "45"]
[EventDate "2023.10.22"]
[EventType "team-tourn"]
[EventRounds "11"]
[EventCountry "CZE"]
[SourceTitle "EXT 2025"]
[Source "ChessBase"]
[SourceDate "2024.10.14"]
[SourceVersion "1"]
[SourceVersionDate "2024.10.14"]
[SourceQuality "1"]
[WhiteTeam "Valasska Bystrice Sokol"]
[BlackTeam "Napajedla Slavia"]
[WhiteTeamCountry "CZE"]
[BlackTeamCountry "CZE"]

1. d4 Nf6 2. Nf3 g6 3. Nc3 Bg7 4. e4 d6 5. Be2 0-0 6. 0-0 Nbd7 7. e5 Ne8 8. Re1 c5 9. e6 fxe6 10. Ng5 Bxd4 11. Nxe6 Bxf2+ 12. Kh1 Qa5 13. Nxf8 Bxe1 14. Bc4+ e6 15. Bxe6+ Kxf8 16. Bh6+ Ke7 17. Qxe1 Kd8 18. Bg5+ Ndf6 19. Rd1 Qc7 20. Nd5 Qg7 21. Nxf6 Nxf6 22. Rxd6+ Ke7 23. Bxc8+ 1-0

[Event "Zlin Region-chT 2324"]
[Site "Czech Republic"]
[Date "2024.02.04"]
[Round "7.8"]
[White "Stary, Simon"]
[Black "Samohyl, Adam"]
[Result "1/2-1/2"]
[WhiteElo "1826"]
[BlackElo "1609"]
[PlyCount "111"]
[EventDate "2023.10.22"]
[EventType "team-tourn"]
[EventRounds "11"]
[EventCountry "CZE"]
[SourceTitle "EXT 2025"]
[Source "ChessBase"]
[SourceDate "2024.10.14"]
[SourceVersion "1"]
[SourceVersionDate "2024.10.14"]
[SourceQuality "1"]
[WhiteTeam "Napajedla Slavia"]
[BlackTeam "Zlin Malenovice"]
[WhiteTeamCountry "CZE"]
[BlackTeamCountry "CZE"]

1. e4 c6 2. d4 d5 3. exd5 cxd5 4. Bd3 Nf6 5. c3 Bg4 6. Qb3 Qc7 7. Ne2 Nbd7 8. Bf4 Qb6 9. Nd2 e6 10. Ng3 Be7 11. Bg5 Qxb3 12. axb3 Nh5 13. Bxe7 Kxe7 14. f3 Nf4 15. Bc2 Nxg2+ 16. Kf2 Bh3 17. Rhg1 Nh4 18. Nh5 g6 19. Kg3 Bf5 20. Bd1 Nxf3 21. Bxf3 gxh5 22. Kh4 Nf6 23. Bxh5 Nxh5 24. Kxh5 Bg6+ 25. Kh6 f6 26. Nf3 a5 27. h4 b6 28. h5 Bf7 29. Rg7 Rag8 30. Rag1 Kf8 31. Ne1 Rxg7 32. Rxg7 Rg8 33. Rxg8+ Bxg8 34. Nd3 Ke7 35. Kg7 Bf7 36. h6 Bg6 37. Nf4 Bf5 38. Nh5 b5 39. Nxf6 b4 40. Nxh7 Bxh7 41. Kxh7 Kf7 42. Kh8 Kf8 43. c4 dxc4 44. bxc4 a4 45. c5 a3 46. bxa3 bxa3 47. c6 Ke7 48. h7 a2 49. Kg8 a1Q 50. h8Q Qa8+ 51. Kh7 Qxh8+ 52. Kxh8 Kd6 53. Kg7 Kxc6 54. Kf7 Kd5 55. Kf6 Kxd4 56. Kxe6 1/2-1/2

[Event "EU Union-ch U14"]
[Site "Pec pod Snezkou"]
[Date "2022.08.27"]
[Round "6"]
[White "Stary, Simon"]
[Black "Mikulinaite, Meta"]
[Result "1/2-1/2"]
[WhiteElo "1309"]
[BlackElo "1138"]
[PlyCount "105"]
[EventDate "2022.08.22"]
[EventType "swiss"]
[EventRounds "9"]
[EventCountry "CZE"]
[SourceTitle "EXT 2023"]
[Source "ChessBase"]
[SourceDate "2022.10.05"]
[SourceVersion "1"]
[SourceVersionDate "2022.10.05"]
[SourceQuality "1"]

1. e4 c6 2. d4 d5 3. exd5 cxd5 4. c4 Nf6 5. Nc3 Nc6 6. Nf3 Bg4 7. Be3 e6 8. c5 a6 9. Be2 Be7 10. h3 Bxf3 11. Bxf3 0-0 12. Na4 Nd7 13. 0-0 b6 14. cxb6 Nxb6 15. Rc1 Rc8 16. Nxb6 Qxb6 17. Qd2 Bf6 18. Rc5 Nxd4 19. Bxd4 Bxd4 20. Rxc8 Rxc8 21. b3 Bf6 22. Rc1 Rxc1+ 23. Qxc1 g6 24. Be2 a5 25. Qc2 Bd4 26. Bf3 Qc5 27. Qxc5 Bxc5 28. Be2 Kg7 29. Kf1 f5 30. f4 h6 31. g3 g5 32. Kg2 Kf6 33. Kf3 e5 34. fxe5+ Kxe5 35. Bd3 f4 36. gxf4+ gxf4 37. Bb1 Be3 38. a3 Kd4 39. Ba2 Kc3 40. b4 d4 41. Ke2 d3+ 42. Kd1 axb4 43. axb4 Kxb4 44. Bd5 Kc5 45. Bf3 Kd4 46. Bg2 d2 47. Bf3 Bf2 48. Kxd2 Be1+ 49. Kxe1 Ke3 50. Bh5 f3 51. Bxf3 Kxf3 52. Kf1 Kg3 53. Kg1 1/2-1/2

[Event "EU Union-ch U14"]
[Site "Pec pod Snezkou"]
[Date "2022.08.24"]
[Round "3"]
[White "Kuzmina, Oleksandra"]
[Black "Stary, Simon"]
[Result "1/2-1/2"]
[WhiteElo "1144"]
[BlackElo "1309"]
[PlyCount "70"]
[EventDate "2022.08.22"]
[EventType "swiss"]
[EventRounds "9"]
[EventCountry "CZE"]
[SourceTitle "EXT 2023"]
[Source "ChessBase"]
[SourceDate "2022.10.05"]
[SourceVersion "1"]
[SourceVersionDate "2022.10.05"]
[SourceQuality "1"]

1. c4 e6 2. d4 d5 3. Nc3 Bb4 4. Bd2 Nf6 5. a3 Bxc3 6. Bxc3 0-0 7. e3 Nbd7 8. Bd3 Re8 9. cxd5 exd5 10. Ne2 c6 11. 0-0 Nf8 12. Qc2 Ng6 13. Ng3 Bd7 14. Rfe1 Qc7 15. f3 Rad8 16. e4 dxe4 17. Nxe4 Nd5 18. Nc5 Nxc3 19. bxc3 b6 20. Nxd7 Qxd7 21. Rad1 Rxe1+ 22. Rxe1 Re8 23. Rxe8+ Qxe8 24. Kf2 Qe7 25. Bxg6 hxg6 26. Qe4 Qd7 27. Ke3 Kf8 28. Kd3 b5 29. Qe5 Qf5+ 30. Qe4 a5 31. g4 Qd5 32. Qf4 Qc4+ 33. Kd2 Qa2+ 34. Kd3 Qc4+ 35. Kd2 Qa2+ 1/2-1/2